| 000 | 00896cab a2200241 4500 | ||
|---|---|---|---|
| 001 | ##ABS52927 | ||
| 008 | 090401t1995 xxu||||| |||| 00| 0 eng d | ||
| 035 | _a(Sirsi) u925 | ||
| 041 | 0 | _aeng | |
| 100 | 1 | _aMacGregor, B. | |
| 245 | 0 | 0 | _aMaster or servant? |
| 260 | _c1995 | ||
| 350 | _a0 | ||
| 490 | 0 |
_aTown Planning Review _v66(1) May 1995, 41-59(10) |
|
| 520 | _aAn assessment of Planning and Compensation Act 1991 s54A, examining the changing role of the development control to one which is plan-led rather than market-led, considering the effects of s54A on the status of development plans. | ||
| 650 | 2 | 4 | _aPLANNING AND COMPENSATION ACT 1991 S54A |
| 650 | 2 | 4 | _aENVIRONMENT WHITE PAPER 1990 |
| 651 | 4 |
_aEngland and Wales _y1543- |
|
| 690 | _aENVIRONMENTAL AND LAND CONSULTANCY-PLANNING AND DEVELOPMENT-PLANNING GUIDANCE | ||
| 700 | 1 | _aRoss, A. | |
| 942 | _n0 | ||
| 948 | _c04/03/1997 | ||
| 999 |
_c518 _d518 |
||